Top 100 Spotify Künstler - Statistiken

Allgemein
  • Dieses Quiz wurde 1.306 mal gespielt
  • Das Durchschnittsergebnis liegt bei 22 aus 100
Antwortstatistiken
Hint Antwort % Korrekt
1 Taylor Swift
89%
6 Drake
75%
19 Eminem
64%
5 Rihanna
61%
17 Ed Sheeran
60%
8 Justin Bieber
60%
2 The Weeknd
55%
4 Ariana Grande
53%
15 Travis Scott
51%
22 Billie Eilish
50%
16 Beyoncé
49%
14 Bruno Mars
49%
11 Kanye West
48%
70 Michael Jackson
48%
55 KAROL G
47%
39 Lady Gaga
47%
37 Katy Perry
45%
20 Kendrick Lamar
45%
51 Adele
44%
10 Coldplay
41%
7 Dua Lipa
39%
46 Queen
37%
31 Harry Styles
36%
18 Bad Bunny
35%
3 Post Malone
35%
9 David Guetta
34%
36 Olivia Rodrigo
32%
23 Miley Cyrus
31%
97 AC/DC
30%
72 Selena Gomez
30%
54 Nicki Minaj
29%
21 Shakira
29%
45 Sabrina Carpenter
28%
68 Shawn Mendes
28%
61 One Direction
27%
28 Imagine Dragons
26%
75 Justin Timberlake
26%
67 Linkin Park
26%
29 Sia
26%
50 Elton John
25%
78 Madonna
25%
26 Maroon 5
24%
35 Lana Del Rey
22%
58 Pitbull
21%
92 Avicii
20%
82 Britney Spears
20%
90 XXXTENTACION
20%
38 OneRepublic
19%
12 SZA
18%
100 Lil Wayne
17%
85 USHER
17%
13 Calvin Harris
16%
30 Doja Cat
16%
24 Future
16%
56 Sam Smith
16%
64 Camila Cabello
14%
33 21 Savage
13%
41 Playboi Carti
13%
48 Chris Brown
12%
27 Marshmello
12%
69 J. Cole
11%
42 Tate McRae
11%
59 The Chainsmokers
11%
76 Black Eyed Peas
10%
25 Metro Boomin
10%
94 Ava Max
9%
86 Gunna
9%
66 Halsey
8%
40 J Balvin
8%
53 Arctic Monkeys
7%
49 Daddy Yankee
7%
32 Hozier
6%
81 James Arthur
6%
44 Khalid
6%
34 Benson Boone
5%
98 DJ Snake
5%
83 Ellie Goulding
5%
84 Swae Lee
5%
93 A$AP Rocky
4%
79 Jack Harlow
4%
99 Kygo
4%
71 Maluma
4%
89 The Neighbourhood
4%
52 Tiësto
4%
74 Bebe Rexha
3%
77 Djo
2%
62 Feid
2%
73 Ozuna
2%
57 Rauw Alejandro
2%
87 Teddy Swims
2%
88 Arijit Singh
1%
43 Artemas
1%
65 Cris Mj
1%
96 Don Omar
1%
47 Peso Pluma
1%
63 Ty Dolla $ign
1%
80 Bizarrap
0%
95 FloyyMenor
0%
91 Manuel Turizo
0%
60 Myke Towers
0%
Keine übereinstimmenden Quizze gefunden
Verteilung der Resultate
Anzahl Personen mit jedem Resultat
Perzentil nach korrekt beantworteten Fragen
Ihre Resultats-Entwicklung
Sie haben dieses Quiz noch nicht gespielt